| 000 | 00826nam a22002417a 4500 | ||
|---|---|---|---|
| 999 |
_c153895 _d153893 |
||
| 005 | 20200204094103.0 | ||
| 008 | 110629t mx||||| |||| 00| 0 spa d | ||
| 020 | _a9786071503046 | ||
| 050 | 0 | 4 |
_aQP514.2 _bH37 2018 |
| 130 | 0 |
_aHarper´s Illustrated Biochemistry _lEspañol |
|
| 245 | 0 | 0 |
_aHarper. Bioquímica ilustrada _c / Rodwell, Victor W...[et al.] ; traducción Miramar Outsourcing |
| 246 | 1 | 0 | _a Bioquímica ilustrada |
| 250 | _a3a ed. | ||
| 260 |
_aMéxico : _bMcGraw-Hill Interamericana Editores, _c2018 |
||
| 300 |
_axii, 687 p. : _bil. ; _c28 cm. |
||
| 490 | 0 | _aLange medical book | |
| 490 | 0 | _aMcGraw-Hill Educación | |
| 500 | _aTomado de la 31a ed. en ingles | ||
| 504 | _aIncluye apéndice, bibliografía e índice | ||
| 650 | 7 |
_2lemb _aBioquímica |
|
| 700 | 1 |
_aRodwell, Victor _eautor |
|
| 700 | 1 |
_aKennelly, Peter J., _eautor |
|
| 700 | 1 |
_aBotham, Kathleen M. _eautor |
|
| 710 | 1 |
_aMiramar Outsourcing _etraductor |
|
| 942 |
_2lcc _cLIB |
||